Statistics for Harry Potter Quotes

Click here to take the quiz!

General Stats

  • This quiz has been taken 3,194 times
  • The average score is 32 of 70

Answer Stats

Hint Answer % Correct
The ___ chooses the wizard.Mr. Ollivanderwand
99%
We could have all been killed-- or worse, ___.Hermione Grangerexpelled
88%
If there is one thing Voldemort cannot understand, it's ___.Albus Dumbledorelove
82%
No one asked your opinion, you filthy little ___.Draco MalfoyMudblood
81%
Follow the ___.Rubeus Hagridspiders
79%
I solemnly swear I am up to ___ ___.Variousno good
77%
If you made a better ___ than a human, Peter, that's not much to boast about.Sirius Blackrat
73%
Enemies of the ___, beware.N/Aheir
72%
I'll be in ___ ___, making no noise and pretending I'm not there.Harry Pottermy room
72%
There is only ___, and those too weak to seek it.Professor Quirrellpower
69%
To the well-organized mind, death is but the next great ___.Albus Dumbledoreadventure
68%
We don't send people to Azkaban just for blowing up their ___!Cornelius Fudgeaunts
65%
It will be quick... it might even be painless... I do not know... I have never ___.Lord Voldemortdied
64%
I will only truly have left this school when none here are ___ to me.Albus Dumbledoreloyal
62%
I want to commit the ___ I was imprisoned for.Sirius Blackmurder
62%
Don't worry, you're just as ___ as I am.Luna Lovegoodsane
60%
I didn't get rid of the Bandon Banshee by ___ at her!Gilderoy Lockhartsmiling
59%
I disagree with Dumbledore on many counts... but you can't deny he's got ___.Phineas Nigellus Blackstyle
59%
An hour long you'll have to ___, and to recover what we took.Merpeoplelook
58%
One person can't feel all that at once, they'd ___.Ron Weasleyexplode
56%
Just because you have the emotional range of a ___ doesn't mean we all have.Hermione Grangerteaspoon
55%
If ___ were gold, you'd be poorer than Weasley.Draco Malfoybrains
54%
Have you gone mad?! Are you a ___ or not?!Ron Weasleywitch
53%
Your failure to understand that there are things worse than ___ has always been your greatest weakness.Albus Dumbledoredeath
53%
I liked the DA too. It was like having ___.Luna Lovegoodfriends
52%
Here lies Dobby, a ___ elf.Epitaphfree
52%
Old men are guilty, if they forget what it is to be ___.Albus Dumbledoreyoung
52%
Draco Malfoy, the amazing bouncing ___.Ron Weasleyferret
52%
It does not do to dwell on ___ and forget to live.Albus Dumbledoredreams
51%
There's no need to call me "___", Professor.Harry Pottersir
51%
Have you been setting anything mad and ___ loose in the castle lately?Ron Weasleyhairy
49%
I thought you two'd value your ___ more'n broomsticks or rats.Rubeus Hagridfriend
49%
Her ___ will lie in the chamber forever.N/Askeleton
47%
The trouble is, the other side can do ___ too, Prime Minister.Cornelius Fudgemagic
47%
With the whole world of ear-related humour before you, you go for ___?Fred Weasleyholey
46%
One can never have enough ___.Albus Dumbledoresocks
42%
If you want to know what a man's like, take a good look at how he treats his ___.Sirius Blackinferiors
42%
You have shown ___ beyond anything I could have expected of you.Albus Dumbledorebravery
41%
You need constant, never-ceasing ___!Mad-Eye Moodyvigilance
41%
Who blacked your eye, Granger? I want to send them ___.Draco Malfoyflowers
40%
The ___ is not a book, to be opened at will and examined at leisure.Severus Snapemind
40%
Do not ___ the dead, Harry. ___ the living, and above all those who live without love.Albus Dumbledorepity
40%
You fail to recognize that it matters not what someone is ___, but what they grow up to be!Albus Dumbledoreborn
39%
His eyes are as green as a fresh-pickled ___.Singing Valentinetoad
39%
It is our ___, Harry, that show who we truly are.Albus Dumbledorechoices
39%
Tell me, which of you will be ___ this year?Minerva McGonagalldying
38%
___ beyond measure is man's greatest treasure.Rowena Ravenclawwit
37%
I'd never have believed this. The man who taught me to fight dementors-- a ___.Harry Pottercoward
35%
If you ___ Lily Evans, if you truly ___ her, then your way forward is clear.Albus Dumbledoreloved
35%
You dare use my own ___ against me, Potter?Severus Snapespells
34%
It is the ___ we fear when we look upon death and darkness, nothing more.Albus Dumbledoreunknown
32%
I have seen your ___, and it is mine.Horcruxheart
31%
Very ___, aren't they, these Muggles?Nymphadora Tonksclean
31%
I think the answer is that a ___ has no beginning.Luna Lovegoodcircle
31%
The ___ is bound to report the truth occasionally... if only accidentally.Albus DumbledoreProphet
30%
Progress for progress' sake must be ___.Dolores Umbridgediscouraged
29%
The last ___ that shall be destroyed is death.Epitaphenemy
28%
He has achieved high marks in all Defense Against the Dark Arts tests set by a ___ teacher.Minerva McGonagallcompetent
28%
Nitwit! Blubber! ___! Tweak!Albus Dumbledoreoddment
27%
Keep muttering and I will be a ___!Sirius Blackmurderer
26%
We alone were ___! We alone tried to find him!Bellatrix Lestrangefaithful
24%
Greatness inspires ___, ___ engenders spite, spite spawns lies.Lord Voldemortenvy
20%
The Dark Lord will rise again, greater and more ___ than ever before...Sybil Trelawneyterrible
19%
Hello, Minister! Did I mention I'm ___?Percy Weasleyresigning
19%
Quite honestly, I've had enough ___ for a lifetime.Harry Pottertrouble
16%
Excuse me, are you the imprint of a ___ soul?Ron Weasleydeparted
16%
Be a man... try... try for some ___.Harry Potterremorse
15%
Where your ___ is, there your heart will also be.Epitaphtreasure
9%
I have been ___, and so have been thwarted by luck and chance.Lord Voldemortcareless
8%
We must try not to sink beneath our ___, Harry, but battle on.Albus Dumbledoreanguish
4%

Score Distribution

Percentile by Number Answered

Percent of People with Each Score

Your Score History

You have not taken this quiz